00460nam a2200169Ia 450000500170000000800410001704000190005804100120007708200210008910000250011024500640013526000300019930000090022965000230023865100190026185000100028020230404101647.0131103s9999 xx 000 0 und d aLoreto College aEnglish aTAG 891.441bTAG aTagore, Rabindranath 2aA Flight of swansb poems from Balaka cRabindranath Tagore aLondonbJohn Murrayc1955 a82p  aBengali Literature aBengali Poetry aLCLIB